MARC

LEADER 00000nam0a2200000 4500
001 275665
005 20231101234839.0
020 |a RU  |b 85-97007 
035 |a (RuTPU)RU\TPU\book\298910 
090 |a 275665 
100 |a 20141115d1985 k y0rusy5003 ca 
101 0 |a rus 
102 |a RU 
105 |a y z 000zy 
200 1 |a Противоречия в процессе познания  |e межвузовский сборник  |f Горьковский государственный университет им. Н. И. Лобачевского (ГГУ) ; под ред. А. М. Дорожкина 
210 |a Горький  |c Изд-во Горьковского ун-та  |d 1985 
215 |a 161 с. 
606 1 |a Познание  |x Философия  |2 stltpush  |3 (RuTPU)RU\TPU\subj\49977  |9 68737 
606 1 |a Противоречия  |x Философия  |2 stltpush  |3 (RuTPU)RU\TPU\subj\52867  |9 71256 
610 1 |a противоречие 
610 1 |a теория познания 
610 1 |a диалектический материализм 
610 1 |a гносеология 
610 1 |a познавательная деятельность 
610 1 |a естествознание 
610 1 |a математика 
610 1 |a социальное познание 
610 1 |a историческое познание 
686 |a Ю22  |v LBC/SL-A  |2 rubbk 
686 |a Ю225  |v LBC/SL-A  |2 rubbk 
702 1 |a Дорожкин  |b А. М.  |g Александр Михайлович  |4 340 
712 0 2 |a Горьковский государственный университет им. Н. И. Лобачевского (ГГУ)  |2 stltpush  |3 (RuTPU)RU\TPU\col\2603 
801 0 |a RU  |b RuMRKP  |c 19950704  |g psbo 
801 1 |a RU  |b 63413507  |c 20141115 
801 2 |a RU  |b 63413507  |c 20170330  |g RCR 
942 |c BK